[Event "Hoogeveen Open 2016"]
[Site "Hoogeveen"]
[Date "2016.10.19"]
[Round "5.6"]
[White "Van Osch, Mees"]
[Black "Karavade, Eesha"]
[Result "1/2-1/2"]
[BlackElo "2421"]
[WhiteElo "2288"]
[LiveChessVersion "1.4.8"]

1. e4 {[%clk 1:30:57]} c5 {[%clk 1:30:32]} 2. Nf3 {[%clk 1:31:22]} d6
{[%clk 1:30:49]} 3. d4 {[%clk 1:31:44]} cxd4 {[%clk 1:31:12]} 4. Nxd4
{[%clk 1:32:10]} Nf6 {[%clk 1:31:36]} 5. Nc3 {[%clk 1:32:30]} a6 {[%clk 1:32:00]}
6. Nb3 {[%clk 1:32:56]} Nbd7 {[%clk 1:30:22]} 7. g4 {[%clk 1:31:25]} h6
{[%clk 1:27:33]} 8. Be3 {[%clk 1:27:53]} Ne5 {[%clk 1:25:20]} 9. h3
{[%clk 1:25:03]} g5 {[%clk 1:25:43]} 10. Be2 {[%clk 1:17:50]} Bg7
{[%clk 1:19:16]} 11. Qd2 {[%clk 1:16:17]} Be6 {[%clk 1:08:58]} 12. Nd4
{[%clk 1:13:04]} Qc7 {[%clk 1:08:39]} 13. Nxe6 {[%clk 1:05:52]} fxe6
{[%clk 1:08:24]} 14. O-O-O {[%clk 1:06:16]} Ng6 {[%clk 0:56:03]} 15. Kb1
{[%clk 1:05:08]} Nd7 {[%clk 0:54:59]} 16. h4 {[%clk 0:59:21]} Nxh4
{[%clk 0:47:03]} 17. f4 {[%clk 0:59:38]} Ng2 {[%clk 0:44:48]} 18. fxg5
{[%clk 0:59:28]} Nxe3 {[%clk 0:40:30]} 19. Qxe3 {[%clk 0:59:53]} Qc5
{[%clk 0:40:29]} 20. Qxc5 {[%clk 0:55:34]} Nxc5 {[%clk 0:37:29]} 21. gxh6
{[%clk 0:55:56]} Rxh6 {[%clk 0:37:53]} 22. Rxh6 {[%clk 0:55:23]} Bxh6
{[%clk 0:38:15]} 23. g5 {[%clk 0:55:45]} Bg7 {[%clk 0:36:24]} 24. b4
{[%clk 0:54:28]} Bxc3 {[%clk 0:33:53]} 25. bxc5 {[%clk 0:54:53]} Kd7
{[%clk 0:32:36]} 1/2-1/2

[Event "Hoogeveen Open 2016"]
[Site "Hoogeveen"]
[Date "2016.10.19"]
[Round "5.7"]
[White "Beerdsen, Thomas"]
[Black "Taams, Sander"]
[Result "1-0"]
[BlackElo "1857"]
[WhiteElo "2404"]
[LiveChessVersion "1.4.8"]

1. e4 {[%clk 1:30:57]} c5 {[%clk 1:30:55]} 2. Nf3 {[%clk 1:31:21]} d6
{[%clk 1:31:12]} 3. d4 {[%clk 1:31:45]} cxd4 {[%clk 1:31:35]} 4. Nxd4
{[%clk 1:32:12]} Nf6 {[%clk 1:31:59]} 5. Nc3 {[%clk 1:32:38]} a6 {[%clk 1:32:24]}
6. Be3 {[%clk 1:33:03]} e6 {[%clk 1:32:48]} 7. Be2 {[%clk 1:33:29]} Be7
{[%clk 1:28:20]} 8. f4 {[%clk 1:33:32]} Nc6 {[%clk 1:28:07]} 9. O-O
{[%clk 1:33:27]} O-O {[%clk 1:25:21]} 10. Qe1 {[%clk 1:28:52]} e5
{[%clk 1:18:59]} 11. Nxc6 {[%clk 1:20:29]} bxc6 {[%clk 1:19:13]} 12. fxe5
{[%clk 1:20:48]} dxe5 {[%clk 1:17:41]} 13. Qg3 {[%clk 1:20:19]} Qc7
{[%clk 1:14:42]} 14. Bc4 {[%clk 1:11:05]} Ng4 {[%clk 1:00:24]} 15. Kh1
{[%clk 0:59:16]} Nxe3 {[%clk 0:59:30]} 16. Qxe3 {[%clk 0:59:42]} Bg4
{[%clk 0:55:17]} 17. h3 {[%clk 0:51:06]} Bh5 {[%clk 0:54:20]} 18. Ne2
{[%clk 0:46:17]} Bg6 {[%clk 0:46:50]} 19. Ng3 {[%clk 0:45:32]} Qa7
{[%clk 0:46:59]} 20. Qe2 {[%clk 0:44:00]} a5 {[%clk 0:41:30]} 21. Qg4
{[%clk 0:36:50]} Rad8 {[%clk 0:35:17]} 22. h4 {[%clk 0:29:18]} Qd7
{[%clk 0:35:05]} 23. Qxd7 {[%clk 0:28:05]} Rxd7 {[%clk 0:35:31]} 24. h5
{[%clk 0:28:31]} Bh4 {[%clk 0:35:42]} 25. hxg6 {[%clk 0:28:45]} Bxg3
{[%clk 0:35:57]} 26. gxf7+ {[%clk 0:25:16]} Kh8 {[%clk 0:36:11]} 27. Rad1
{[%clk 0:25:31]} Rxd1 {[%clk 0:34:28]} 28. Rxd1 {[%clk 0:25:57]} g6
{[%clk 0:34:44]} 29. Rd6 {[%clk 0:25:28]} Kg7 {[%clk 0:34:58]} 30. Rxc6
{[%clk 0:25:50]} Rd8 {[%clk 0:35:10]} 31. Bd5 {[%clk 0:26:01]} g5
{[%clk 0:34:56]} 32. Rc3 {[%clk 0:21:49]} Be1 {[%clk 0:35:14]} 33. Rf3
{[%clk 0:21:13]} Bb4 {[%clk 0:35:27]} 34. Rf5 {[%clk 0:21:35]} Kg6
{[%clk 0:34:01]} 35. Rxe5 {[%clk 0:21:59]} Rf8 {[%clk 0:34:23]} 36. g4
{[%clk 0:21:34]} h5 {[%clk 0:34:37]} 37. c3 {[%clk 0:22:00]} Bc5 {[%clk 0:34:12]}
38. Re6+ {[%clk 0:22:25]} Kh7 {[%clk 0:34:13]} 39. Rc6 {[%clk 0:22:39]} Be7
{[%clk 0:34:02]} 40. gxh5 {[%clk 0:23:04]} a4 {[%clk 0:34:24]} 41. e5
{[%clk 0:21:04]} a3 {[%clk 0:34:40]} 42. bxa3 {[%clk 0:20:54]} Bxa3
{[%clk 0:34:34]} 43. Rg6 {[%clk 0:20:07]} Rd8 {[%clk 0:34:34]} 44. c4
{[%clk 0:19:31]} g4 {[%clk 0:34:59]} 45. Kg2 {[%clk 0:19:52]} g3 {[%clk 0:35:24]}
46. Kxg3 {[%clk 0:20:18]} Be7 {[%clk 0:35:25]} 47. Rg8 {[%clk 0:20:38]} Bf8
{[%clk 0:35:39]} 48. Rxf8 {[%clk 0:21:04]} Rxf8 {[%clk 0:36:01]} 49. e6
{[%clk 0:21:30]} Kh8 {[%clk 0:35:46]} 50. e7 {[%clk 0:21:52]} Kh7
{[%clk 0:36:14]} 51. exf8=B {[%clk 0:22:11]} 1-0

[Event "Hoogeveen Open 2016"]
[Site "Hoogeveen"]
[Date "2016.10.19"]
[Round "5.8"]
[White "Sandipan, Chanda"]
[Black "De Graaf, Dick"]
[Result "1-0"]
[BlackElo "2195"]
[WhiteElo "2593"]
[LiveChessVersion "1.4.8"]

1. d4 {[%clk 1:30:56]} Nf6 {[%clk 1:30:50]} 2. Nf3 {[%clk 1:31:10]} g6
{[%clk 1:31:12]} 3. Nbd2 {[%clk 1:31:19]} Bg7 {[%clk 1:31:31]} 4. e4
{[%clk 1:31:36]} d6 {[%clk 1:31:58]} 5. Bd3 {[%clk 1:31:52]} O-O {[%clk 1:30:53]}
6. O-O {[%clk 1:32:09]} Nc6 {[%clk 1:28:55]} 7. c3 e5 8. h3 {[%clk 1:32:27]} Nh5
{[%clk 1:27:17]} 9. Nb3 {[%clk 1:32:42]} a6 10. Bg5 {[%clk 1:22:46]} Bf6
{[%clk 1:18:42]} 11. Be3 {[%clk 1:22:13]} Nf4 {[%clk 1:16:56]} 12. Bc2
{[%clk 1:18:04]} g5 {[%clk 1:10:43]} 13. Nh2 {[%clk 1:07:36]} Ne7
{[%clk 0:59:48]} 14. Ng4 {[%clk 1:04:59]} Bg7 {[%clk 0:47:26]} 15. dxe5
{[%clk 1:04:49]} dxe5 {[%clk 0:47:02]} 16. Qxd8 {[%clk 0:59:02]} Rxd8
{[%clk 0:47:18]} 17. Rfd1 {[%clk 0:59:21]} Bd7 {[%clk 0:38:02]} 18. Na5
{[%clk 0:58:05]} Bxg4 {[%clk 0:26:35]} 19. hxg4 {[%clk 0:58:18]} b6
{[%clk 0:27:00]} 20. Nc4 {[%clk 0:58:16]} Nc6 {[%clk 0:20:09]} 21. a4
{[%clk 0:53:15]} h6 {[%clk 0:14:28]} 22. g3 {[%clk 0:47:48]} Ne6 {[%clk 0:11:58]}
23. Rd5 {[%clk 0:36:42]} f6 {[%clk 0:06:16]} 24. b4 {[%clk 0:35:39]} Bf8
{[%clk 0:06:25]} 25. Bb3 {[%clk 0:34:23]} Kg7 {[%clk 0:06:02]} 26. Rxd8
{[%clk 0:33:29]} Rxd8 {[%clk 0:05:42]} 27. b5 {[%clk 0:28:47]} Nb8
{[%clk 0:03:07]} 28. Nxb6 {[%clk 0:27:04]} Nc5 {[%clk 0:01:14]} 29. Bxc5
{[%clk 0:27:27]} Bxc5 {[%clk 0:01:42]} 30. Nd5 {[%clk 0:27:50]} c6
{[%clk 0:01:48]} 31. Nc7 {[%clk 0:28:05]} Rd3 {[%clk 0:00:36]} 32. Ne6+
{[%clk 0:28:22]} Kg6 {[%clk 0:01:00]} 33. Nxc5 {[%clk 0:28:46]} cxb5
{[%clk 0:00:32]} 34. Nxd3 {[%clk 0:29:10]} 1-0

[Event "Hoogeveen Open 2016"]
[Site "Hoogeveen"]
[Date "2016.10.19"]
[Round "5.9"]
[White "Rakesh Kumar Jena"]
[Black "Debashis, Das"]
[Result "1/2-1/2"]
[BlackElo "2478"]
[WhiteElo "2247"]
[LiveChessVersion "1.4.8"]

1. e4 {[%clk 1:30:43]} c5 {[%clk 1:30:20]} 2. Nf3 {[%clk 1:31:03]} e6
{[%clk 1:30:45]} 3. d4 {[%clk 1:30:25]} cxd4 {[%clk 1:31:03]} 4. Nxd4
{[%clk 1:30:48]} a6 {[%clk 1:31:26]} 5. Bd3 {[%clk 1:30:44]} Nf6 {[%clk 1:30:07]}
6. O-O {[%clk 1:30:23]} e5 {[%clk 1:29:30]} 7. Nb3 {[%clk 1:27:56]} Nc6
{[%clk 1:29:12]} 8. Nc3 {[%clk 1:28:04]} d6 {[%clk 1:28:02]} 9. f4
{[%clk 1:21:00]} exf4 {[%clk 1:27:46]} 10. Bxf4 {[%clk 1:19:46]} Be7
{[%clk 1:28:11]} 11. Nd5 {[%clk 1:17:16]} Ng4 {[%clk 0:58:05]} 12. Be2
{[%clk 1:13:01]} Nge5 {[%clk 0:57:40]} 13. Nd4 {[%clk 1:13:03]} O-O
{[%clk 0:54:00]} 14. Nf5 {[%clk 1:12:11]} Bxf5 {[%clk 0:49:32]} 15. exf5
{[%clk 1:12:33]} Bg5 {[%clk 0:45:17]} 16. Bg3 {[%clk 1:10:05]} Nb4
{[%clk 0:39:03]} 17. Kh1 {[%clk 1:06:38]} Nxd5 {[%clk 0:38:19]} 18. Qxd5
{[%clk 1:07:01]} Qb6 {[%clk 0:33:43]} 19. Qb3 {[%clk 1:03:21]} Qxb3
{[%clk 0:29:21]} 20. axb3 {[%clk 1:03:34]} Rac8 {[%clk 0:29:16]} 21. c3
{[%clk 1:01:23]} Rfd8 {[%clk 0:29:33]} 22. Rfd1 {[%clk 0:58:41]} Kf8
{[%clk 0:29:43]} 1/2-1/2

[Event "Hoogeveen Open 2016"]
[Site "Hoogeveen"]
[Date "2016.10.19"]
[Round "5.10"]
[White "Romanishin, Oleg M"]
[Black "Grant, Jonathan I M"]
[Result "1/2-1/2"]
[BlackElo "2223"]
[WhiteElo "2456"]
[LiveChessVersion "1.4.8"]

1. Nf3 {[%clk 1:30:56]} Nf6 {[%clk 1:30:55]} 2. g3 {[%clk 1:31:22]} d5
{[%clk 1:31:19]} 3. Bg2 {[%clk 1:31:48]} e6 {[%clk 1:31:40]} 4. O-O
{[%clk 1:31:40]} Be7 {[%clk 1:32:05]} 5. c4 {[%clk 1:32:04]} O-O {[%clk 1:32:29]}
6. d4 {[%clk 1:32:30]} dxc4 {[%clk 1:32:53]} 7. Qc2 {[%clk 1:31:37]} b5
{[%clk 1:33:18]} 8. a4 {[%clk 1:28:54]} b4 {[%clk 1:33:42]} 9. Nbd2
{[%clk 1:27:49]} Bb7 {[%clk 1:26:35]} 10. Nxc4 {[%clk 1:28:11]} Be4
{[%clk 1:21:37]} 11. Qb3 {[%clk 1:18:27]} Bd5 {[%clk 1:21:52]} 12. Bg5
{[%clk 0:50:53]} Nc6 {[%clk 1:09:52]} 13. Qd3 {[%clk 0:49:39]} Be4
{[%clk 0:59:53]} 14. Qd1 {[%clk 0:42:18]} b3 {[%clk 0:43:21]} 15. Qxb3
{[%clk 0:26:37]} Bd5 {[%clk 0:26:46]} 16. Rac1 {[%clk 0:24:03]} Na5
{[%clk 0:24:07]} 17. Qd3 {[%clk 0:23:31]} Nxc4 {[%clk 0:22:30]} 18. Rxc4
{[%clk 0:23:58]} Bxc4 {[%clk 0:22:16]} 19. Qxc4 {[%clk 0:24:27]} Rb8
{[%clk 0:21:06]} 20. Ne5 {[%clk 0:21:44]} Rxb2 {[%clk 0:16:29]} 21. Nc6
{[%clk 0:22:07]} Qd7 {[%clk 0:14:31]} 22. Bc1 {[%clk 0:20:59]} Rb1
{[%clk 0:11:36]} 23. Qa2 {[%clk 0:20:42]} Rfb8 {[%clk 0:07:37]} 24. Nxb8
{[%clk 0:19:21]} Rxb8 {[%clk 0:08:05]} 25. Qc2 {[%clk 0:17:31]} Rb4
{[%clk 0:07:25]} 26. Ba3 {[%clk 0:10:56]} Rxd4 {[%clk 0:04:43]} 27. Bc6
{[%clk 0:10:58]} Qd8 {[%clk 0:04:41]} 28. e3 {[%clk 0:06:58]} Rd2
{[%clk 0:04:41]} 29. Bxe7 {[%clk 0:06:47]} Rxc2 {[%clk 0:04:55]} 30. Bxd8
{[%clk 0:07:12]} Rxc6 {[%clk 0:05:20]} 31. Rb1 {[%clk 0:07:37]} h6
{[%clk 0:02:48]} 32. Rb8 {[%clk 0:06:34]} Kh7 {[%clk 0:01:42]} 33. Rb7
{[%clk 0:05:51]} Ra6 {[%clk 0:00:54]} 34. Rxc7 {[%clk 0:02:34]} Rxa4
{[%clk 0:01:01]} 35. Bxf6 {[%clk 0:01:53]} gxf6 {[%clk 0:01:23]} 36. Rxf7+
{[%clk 0:02:20]} Kg6 {[%clk 0:01:47]} 37. Re7 {[%clk 0:02:44]} e5
{[%clk 0:01:48]} 38. e4 {[%clk 0:01:48]} a5 {[%clk 0:01:29]} 39. Ra7
{[%clk 0:02:04]} Ra2 {[%clk 0:01:04]} 40. Kg2 {[%clk 0:02:27]} Ra3
{[%clk 0:00:47]} 41. h4 {[%clk 0:01:03]} h5 {[%clk 0:26:56]} 1/2-1/2

[Event "Hoogeveen Open 2016"]
[Site "Hoogeveen"]
[Date "2016.10.19"]
[Round "5.11"]
[White "Sundararajan, Kidambi"]
[Black "Mellema, Andries"]
[Result "1/2-1/2"]
[BlackElo "2143"]
[WhiteElo "2429"]
[LiveChessVersion "1.4.8"]

1. d4 {[%clk 1:30:51]} Nf6 {[%clk 1:14:31]} 2. c4 {[%clk 1:31:16]} c5
{[%clk 1:14:07]} 3. e3 {[%clk 1:30:55]} g6 {[%clk 1:14:04]} 4. Nc3
{[%clk 1:31:19]} Bg7 {[%clk 1:14:19]} 5. d5 {[%clk 1:31:10]} d6 {[%clk 1:13:37]}
6. Nf3 {[%clk 1:31:11]} O-O {[%clk 1:13:47]} 7. Be2 {[%clk 1:31:01]} e6
{[%clk 1:13:37]} 8. O-O {[%clk 1:30:30]} exd5 {[%clk 0:55:40]} 9. cxd5
{[%clk 1:30:53]} Bg4 {[%clk 0:50:41]} 10. h3 {[%clk 1:25:16]} Bxf3
{[%clk 0:50:12]} 11. Bxf3 {[%clk 1:25:40]} Na6 {[%clk 0:48:47]} 12. Rb1
{[%clk 1:23:33]} Rb8 {[%clk 0:38:50]} 13. Be2 {[%clk 1:18:23]} Nc7
{[%clk 0:30:59]} 14. a3 {[%clk 1:10:25]} b5 {[%clk 0:28:14]} 15. b4
{[%clk 1:10:25]} a5 {[%clk 0:19:58]} 16. e4 {[%clk 1:03:32]} axb4
{[%clk 0:12:58]} 17. axb4 {[%clk 1:03:54]} Re8 {[%clk 0:08:49]} 18. Bd3
{[%clk 0:57:49]} Nd7 {[%clk 0:08:06]} 19. Bb2 {[%clk 0:55:21]} Ne5
{[%clk 0:05:16]} 20. Be2 {[%clk 0:48:42]} cxb4 {[%clk 0:04:10]} 21. Na2
{[%clk 0:48:13]} Na6 {[%clk 0:04:38]} 22. Nxb4 {[%clk 0:43:57]} Nxb4
{[%clk 0:04:50]} 23. Bxe5 {[%clk 0:44:15]} Bxe5 {[%clk 0:04:31]} 24. Rxb4
{[%clk 0:44:36]} Bc3 {[%clk 0:02:39]} 25. Rxb5 {[%clk 0:44:50]} Rxe4
{[%clk 0:01:47]} 26. Qc2 {[%clk 0:42:28]} Re8 {[%clk 0:00:38]} 27. Qxc3
{[%clk 0:37:37]} Rxe2 {[%clk 0:00:57]} 28. Rxb8 {[%clk 0:34:47]} Qxb8
{[%clk 0:01:25]} 29. Rc1 {[%clk 0:33:36]} Re8 {[%clk 0:00:35]} 30. Qf6
{[%clk 0:30:46]} Qd8 {[%clk 0:00:37]} 31. Qd4 {[%clk 0:29:50]} Qe7
{[%clk 0:00:45]} 32. Rd1 {[%clk 0:28:55]} 1/2-1/2

[Event "Hoogeveen Open 2016"]
[Site "Hoogeveen"]
[Date "2016.10.19"]
[Round "5.12"]
[White "Vrolijk, Liam"]
[Black "Valdes Romero, Leonardo"]
[Result "1/2-1/2"]
[BlackElo "2391"]
[WhiteElo "2265"]
[LiveChessVersion "1.4.8"]

1. d4 {[%clk 1:30:57]} Nf6 {[%clk 1:30:16]} 2. c4 {[%clk 1:31:19]} g6
{[%clk 1:30:39]} 3. Nc3 {[%clk 1:31:46]} Bg7 {[%clk 1:31:04]} 4. e4
{[%clk 1:32:11]} d6 {[%clk 1:31:30]} 5. f3 {[%clk 1:32:35]} O-O {[%clk 1:31:53]}
6. Nge2 {[%clk 1:33:01]} c5 {[%clk 1:32:14]} 7. d5 {[%clk 1:33:21]} e6
{[%clk 1:32:39]} 8. Ng3 {[%clk 1:33:45]} exd5 {[%clk 1:33:03]} 9. cxd5
{[%clk 1:34:07]} a6 {[%clk 1:33:24]} 10. a4 {[%clk 1:34:25]} h5 {[%clk 1:33:35]}
11. Bg5 {[%clk 1:34:48]} Nbd7 {[%clk 1:32:38]} 12. Be2 {[%clk 1:32:42]} Qa5
{[%clk 1:32:43]} 13. Qd2 Re8 {[%clk 1:33:04]} 14. O-O {[%clk 1:23:32]} Qb4
{[%clk 1:32:10]} 15. Be3 {[%clk 1:15:04]} Nh7 {[%clk 1:26:07]} 16. Rfd1
{[%clk 1:09:16]} Ne5 {[%clk 1:22:35]} 17. Qc1 {[%clk 0:52:43]} Qa5
{[%clk 1:11:30]} 18. h3 h4 {[%clk 1:10:38]} 19. Nf1 {[%clk 0:44:23]} f5
{[%clk 1:08:14]} 20. Bf2 {[%clk 0:38:46]} Qd8 {[%clk 1:05:14]} 21. exf5
{[%clk 0:38:00]} gxf5 {[%clk 1:03:55]} 22. f4 {[%clk 0:36:45]} Nf7
{[%clk 1:03:43]} 23. Qd2 {[%clk 0:35:01]} Qf6 {[%clk 1:00:37]} 24. Nh2
{[%clk 0:32:56]} Qh6 {[%clk 0:58:01]} 25. Nf3 {[%clk 0:32:15]} Bf6
{[%clk 0:58:15]} 26. Bc4 {[%clk 0:28:18]} Bd7 {[%clk 0:58:00]} 27. Re1
{[%clk 0:26:51]} Kh8 {[%clk 0:57:57]} 28. Re6 {[%clk 0:22:54]} Qg7
{[%clk 0:37:15]} 29. Rae1 {[%clk 0:20:48]} Bxe6 {[%clk 0:26:37]} 30. dxe6
{[%clk 0:21:00]} Nh6 {[%clk 0:27:02]} 31. Qxd6 {[%clk 0:19:06]} Rg8
{[%clk 0:16:05]} 32. Bf1 {[%clk 0:19:11]} Rac8 {[%clk 0:15:41]} 33. e7
{[%clk 0:13:53]} Rge8 {[%clk 0:12:44]} 34. Nd5 {[%clk 0:13:42]} Ng8
{[%clk 0:11:20]} 35. Nxh4 {[%clk 0:12:11]} Qf7 {[%clk 0:03:54]} 36. Bd3
{[%clk 0:10:20]} Rc6 {[%clk 0:01:43]} 37. Qd7 {[%clk 0:10:40]} Bxh4
{[%clk 0:00:49]} 38. Bxh4 {[%clk 0:10:51]} Nhf6 {[%clk 0:01:06]} 39. Nxf6
{[%clk 0:09:18]} Nxf6 {[%clk 0:01:31]} 40. Qxb7 {[%clk 0:03:05]} Re6
{[%clk 0:01:31]} 41. Re5 {[%clk 0:02:20]} R8xe7 {[%clk 0:25:42]} 42. Qc8+
{[%clk 0:31:40]} Re8 {[%clk 0:25:24]} 43. Bxf6+ {[%clk 0:25:00]} Qxf6
{[%clk 0:25:27]} 44. Qxc5 {[%clk 0:24:59]} Rxe5 {[%clk 0:22:18]} 45. fxe5
{[%clk 0:25:10]} Rxe5 {[%clk 0:22:32]} 46. Qc8+ {[%clk 0:24:01]} Kg7
{[%clk 0:22:57]} 47. Qxa6 {[%clk 0:21:58]} Re1+ {[%clk 0:19:17]} 48. Kf2
{[%clk 0:21:05]} Qxa6 {[%clk 0:17:22]} 49. Bxa6 {[%clk 0:21:29]} Rb1
{[%clk 0:17:49]} 50. Bd3 {[%clk 0:20:54]} Rxb2+ {[%clk 0:18:13]} 51. Kf3
{[%clk 0:21:16]} Rb3 {[%clk 0:18:06]} 52. Ke2 {[%clk 0:21:24]} Kf6
{[%clk 0:11:16]} 53. a5 {[%clk 0:20:17]} Ra3 {[%clk 0:11:42]} 54. a6
{[%clk 0:20:33]} f4 {[%clk 0:11:19]} 55. h4 {[%clk 0:19:11]} Ke5 {[%clk 0:04:33]}
56. h5 {[%clk 0:16:41]} Ra2+ {[%clk 0:04:34]} 57. Kf3 {[%clk 0:16:37]} Ra3
{[%clk 0:04:58]} 58. Ke2 {[%clk 0:17:01]} Ra2+ {[%clk 0:03:50]} 59. Kf3
{[%clk 0:17:24]} Ra3 {[%clk 0:04:15]} 60. Ke2 {[%clk 0:17:48]} 1/2-1/2

[Event "Hoogeveen Open 2016"]
[Site "Hoogeveen"]
[Date "2016.10.19"]
[Round "5.13"]
[White "Vereggen, Lars"]
[Black "Mijnheer, Peter"]
[Result "0-1"]
[BlackElo "2137"]
[WhiteElo "2380"]
[LiveChessVersion "1.4.8"]

1. e4 {[%clk 1:30:57]} e5 {[%clk 1:27:23]} 2. Nf3 {[%clk 1:31:14]} Nc6
{[%clk 1:27:32]} 3. Bb5 {[%clk 1:30:41]} a6 {[%clk 1:27:58]} 4. Ba4
{[%clk 1:31:00]} Nf6 {[%clk 1:28:20]} 5. d3 {[%clk 1:31:02]} d6 {[%clk 1:27:21]}
6. c3 {[%clk 1:30:59]} g6 {[%clk 1:27:17]} 7. Nbd2 {[%clk 1:31:17]} Bg7
{[%clk 1:27:38]} 8. Qe2 {[%clk 1:31:29]} Bd7 {[%clk 1:27:20]} 9. h3
{[%clk 1:30:27]} O-O {[%clk 1:24:49]} 10. Bb3 {[%clk 1:30:40]} Na5
{[%clk 1:24:01]} 11. Bc2 {[%clk 1:31:03]} c5 {[%clk 1:24:25]} 12. g4
{[%clk 1:31:02]} Re8 {[%clk 1:22:54]} 13. Nf1 {[%clk 1:29:37]} d5
{[%clk 1:21:11]} 14. N3d2 {[%clk 1:24:48]} dxe4 {[%clk 1:15:31]} 15. dxe4
{[%clk 1:25:11]} Bb5 {[%clk 1:10:00]} 16. Qe3 {[%clk 1:22:53]} Qc7
{[%clk 1:08:57]} 17. Qf3 {[%clk 1:19:35]} Nc4 {[%clk 1:04:31]} 18. Nxc4
{[%clk 1:16:29]} Bxc4 {[%clk 1:04:46]} 19. Bg5 {[%clk 1:16:41]} Bxf1
{[%clk 1:01:02]} 20. Kxf1 {[%clk 1:16:52]} Nd7 {[%clk 1:01:05]} 21. h4
{[%clk 1:16:33]} Nf8 {[%clk 0:55:09]} 22. Kg2 {[%clk 1:15:30]} Ne6
{[%clk 0:55:30]} 23. Be3 {[%clk 1:15:56]} Nf4+ {[%clk 0:42:19]} 24. Bxf4
{[%clk 1:13:03]} exf4 {[%clk 0:42:47]} 25. Rad1 {[%clk 1:12:36]} Rad8
{[%clk 0:41:17]} 26. h5 {[%clk 1:12:56]} Qe5 {[%clk 0:25:48]} 27. hxg6
{[%clk 1:11:31]} hxg6 {[%clk 0:26:01]} 28. Bb3 {[%clk 1:11:51]} b5
{[%clk 0:20:52]} 29. Bd5 {[%clk 1:10:13]} Rd6 {[%clk 0:14:04]} 30. Rh4
{[%clk 0:56:30]} Rf6 {[%clk 0:09:06]} 31. Rdh1 {[%clk 0:52:41]} Qg5
{[%clk 0:08:54]} 32. Kf1 {[%clk 0:52:00]} Kf8 {[%clk 0:08:18]} 33. Rh7
{[%clk 0:52:17]} Rd8 {[%clk 0:07:56]} 34. R1h3 {[%clk 0:50:59]} Rfd6
{[%clk 0:03:47]} 35. Rh1 {[%clk 0:49:13]} c4 {[%clk 0:03:34]} 36. b3
{[%clk 0:46:29]} cxb3 {[%clk 0:01:54]} 37. axb3 {[%clk 0:46:54]} a5
{[%clk 0:01:16]} 38. c4 {[%clk 0:47:08]} bxc4 {[%clk 0:00:56]} 39. bxc4
{[%clk 0:47:33]} a4 {[%clk 0:01:08]} 40. Qh3 {[%clk 0:11:39]} Qe5
{[%clk 0:01:17]} 41. Qa3 {[%clk 0:10:44]} Kg8 {[%clk 0:21:01]} 42. R7h3
{[%clk 0:32:26]} Qg5 {[%clk 0:14:50]} 43. Qxa4 {[%clk 0:31:12]} Qxg4
{[%clk 0:14:37]} 44. f3 {[%clk 0:17:28]} Qc8 {[%clk 0:14:23]} 45. R3h2
{[%clk 0:16:12]} Qc5 {[%clk 0:14:21]} 46. Ra2 {[%clk 0:16:01]} Qe3
{[%clk 0:13:05]} 47. Kg2 {[%clk 0:15:18]} Rb6 {[%clk 0:10:49]} 48. Rf1
{[%clk 0:14:40]} Rdb8 {[%clk 0:10:06]} 49. Qd7 {[%clk 0:13:55]} Rb2+
{[%clk 0:09:55]} 50. Rxb2 {[%clk 0:14:20]} Rxb2+ {[%clk 0:10:21]} 51. Kh1
{[%clk 0:13:56]} Rh2+ {[%clk 0:06:13]} 52. Kxh2 {[%clk 0:11:36]} Qe2+
{[%clk 0:06:39]} 53. Kh3 {[%clk 0:10:36]} Qxf1+ {[%clk 0:07:05]} 54. Kg4
{[%clk 0:10:30]} Qg2+ {[%clk 0:06:12]} 55. Kxf4 {[%clk 0:10:23]} Bh6+
{[%clk 0:03:43]} 56. Ke5 {[%clk 0:10:34]} Qh2+ {[%clk 0:03:17]} 57. Kd4
{[%clk 0:10:35]} Qb2+ {[%clk 0:03:35]} 58. Kc5 {[%clk 0:10:32]} Be3+
{[%clk 0:04:02]} 59. Kd6 {[%clk 0:10:52]} Qb8+ {[%clk 0:02:56]} 0-1

[Event "Hoogeveen Open 2016"]
[Site "Hoogeveen"]
[Date "2016.10.19"]
[Round "5.14"]
[White "Mager, Denis"]
[Black "Schoppen, Casper"]
[Result "1/2-1/2"]
[BlackElo "2304"]
[WhiteElo "2224"]
[LiveChessVersion "1.4.8"]

1. e4 {[%clk 1:30:49]} c5 {[%clk 1:30:26]} 2. Nf3 {[%clk 1:31:12]} d6
{[%clk 1:30:42]} 3. Bb5+ {[%clk 1:31:06]} Bd7 {[%clk 1:30:47]} 4. Bxd7+
{[%clk 1:31:28]} Qxd7 {[%clk 1:31:05]} 5. c4 {[%clk 1:31:48]} Nc6
{[%clk 1:31:17]} 6. Nc3 {[%clk 1:28:11]} Nf6 {[%clk 1:31:38]} 7. d4
{[%clk 1:27:03]} cxd4 {[%clk 1:32:02]} 8. Nxd4 {[%clk 1:27:26]} g6
{[%clk 1:32:22]} 9. f3 {[%clk 1:27:04]} Bg7 {[%clk 1:32:43]} 10. Be3
{[%clk 1:27:18]} O-O {[%clk 1:33:04]} 11. O-O {[%clk 1:25:54]} Rfc8
{[%clk 1:33:21]} 12. b3 {[%clk 1:25:42]} a6 {[%clk 1:33:31]} 13. a4
{[%clk 1:24:27]} Qd8 {[%clk 1:33:04]} 14. Qd2 {[%clk 1:21:09]} Nd7
{[%clk 1:30:22]} 15. Rfd1 {[%clk 1:19:31]} Rab8 {[%clk 1:22:24]} 16. Rab1
{[%clk 1:16:01]} Qf8 {[%clk 1:10:57]} 17. Nd5 {[%clk 1:08:45]} Nxd4
{[%clk 0:52:54]} 18. Bxd4 {[%clk 1:09:07]} Bxd4+ {[%clk 0:52:47]} 19. Qxd4
{[%clk 1:09:23]} 1/2-1/2

[Event "Hoogeveen Open 2016"]
[Site "Hoogeveen"]
[Date "2016.10.19"]
[Round "5.15"]
[White "Colijn, Stefan"]
[Black "Cornelisse, John"]
[Result "1-0"]
[BlackElo "2131"]
[WhiteElo "2293"]
[LiveChessVersion "1.4.8"]

1. Nf3 {[%clk 1:25:50]} Nf6 {[%clk 1:30:50]} 2. c4 {[%clk 1:26:07]} e6
{[%clk 1:31:00]} 3. g3 {[%clk 1:26:31]} d5 {[%clk 1:29:46]} 4. Bg2
{[%clk 1:26:59]} Be7 {[%clk 1:27:26]} 5. O-O {[%clk 1:26:34]} O-O
{[%clk 1:27:32]} 6. d4 {[%clk 1:20:55]} dxc4 {[%clk 1:24:06]} 7. Qc2
{[%clk 1:21:21]} a6 {[%clk 1:22:47]} 8. Qxc4 {[%clk 1:21:48]} b5 {[%clk 1:22:27]}
9. Qc2 {[%clk 1:22:16]} Bb7 {[%clk 1:22:33]} 10. Bd2 {[%clk 1:22:40]} Nbd7
{[%clk 1:13:50]} 11. Ba5 {[%clk 1:22:01]} Rc8 {[%clk 1:08:14]} 12. Nbd2
{[%clk 1:21:14]} Qe8 {[%clk 1:05:14]} 13. b4 {[%clk 1:11:19]} Bd6
{[%clk 0:52:00]} 14. e4 {[%clk 0:45:40]} e5 {[%clk 0:50:47]} 15. Rfe1
{[%clk 0:42:00]} exd4 {[%clk 0:36:35]} 16. e5 {[%clk 0:39:28]} Nxe5
{[%clk 0:34:08]} 17. Nxe5 {[%clk 0:38:49]} Bxg2 {[%clk 0:34:21]} 18. Nef3
{[%clk 0:36:09]} Qd7 {[%clk 0:26:00]} 19. Kxg2 {[%clk 0:35:06]} Nd5
{[%clk 0:24:33]} 20. Qb3 {[%clk 0:23:02]} Qf5 {[%clk 0:14:55]} 21. Nxd4
{[%clk 0:18:38]} Qh5 {[%clk 0:14:05]} 22. N2f3 {[%clk 0:16:31]} Rfe8
{[%clk 0:09:48]} 23. Rad1 {[%clk 0:14:54]} Nf6 {[%clk 0:08:41]} 24. a4
{[%clk 0:14:46]} bxa4 {[%clk 0:07:04]} 25. Qxa4 {[%clk 0:15:05]} Rxe1
{[%clk 0:06:20]} 26. Rxe1 {[%clk 0:15:13]} Qd5 {[%clk 0:06:18]} 27. Qc6
{[%clk 0:13:02]} Qxc6 {[%clk 0:04:36]} 28. Nxc6 {[%clk 0:10:31]} Kf8
{[%clk 0:04:49]} 29. Nfd4 {[%clk 0:10:37]} g6 {[%clk 0:04:13]} 30. b5
{[%clk 0:09:14]} Ra8 {[%clk 0:03:56]} 31. Rb1 {[%clk 0:07:53]} Nd5
{[%clk 0:03:38]} 32. f4 {[%clk 0:07:35]} Ke8 {[%clk 0:03:03]} 33. bxa6
{[%clk 0:07:42]} Bc5 {[%clk 0:00:55]} 34. Rb5 {[%clk 0:07:04]} Bxd4
{[%clk 0:00:46]} 35. Rxd5 {[%clk 0:07:15]} 1-0